Miasta na historycznych Kujawach - Statystyki

Ogólne statystyki
  • Ten quiz został rozwiązany 17 razy
  • Średni wynik to 7 z 9
Statystyki odpowiedzi
Liczba mieszkańców Województwo Miasto % Poprawnych
193 224 *kujawsko-pomorskie Toruń
100%
322 464 kujawsko-pomorskie Bydgoszcz
93%
98 659 kujawsko-pomorskie Włocławek
93%
66 060 kujawsko-pomorskie Inowrocław
87%
11 362 kujawsko-pomorskie Aleksandrów Kujawski
80%
15 066 kujawsko-pomorskie Solec Kujawski
73%
4954 kujawsko-pomorskie Radziejów
53%
9995 kujawsko-pomorskie Ciechocinek
47%
10 544 kujawsko-pomorskie Koronowo
33%
Nie znaleziono quizów pasujących do podanych kryteriów
Rozkład punktacji
Procent ludzi z każdym wynikiem
Percentyl według liczby udzielonych odpowiedzi
Twoja historia wyników
Nie rozwiązałeś tego quizu